Statistics for Geography Questions #18: Largest Countries

Click here to take the quiz!

General Stats

  • This quiz has been taken 200 times
  • The average score is 9 of 10

Answer Stats

Length in km squaredCountry% Correct
17,125,187Russia
99%
9,826,675USA
99%
9,984,670Canada
98%
9,596,961China
98%
8,515,767Brazil
97%
7,692,024Australia
94%
3,166,414India
94%
2,780,400Argentina
82%
2,381,741Algeria
73%
2,724,900Kazakhstan
70%

Score Distribution

Percentile by Number Answered

Percent of People with Each Score

Your Score History

You have not taken this quiz